[Event "Thessaloniki Novidis op 5th"]
[Site "Thessaloniki"]
[Date "2016.06.19"]
[Round "5"]
[White "Bahar Mosse, Iakov"]
[Black "Romanos, Theodoros"]
[Result "0-1"]
[WhiteElo "1734"]
[BlackElo "2079"]
[PlyCount "108"]
[EventDate "2016.06.15"]
[EventType "swiss"]
[EventRounds "7"]
[EventCountry "GRE"]
[SourceTitle "EXT 2017"]
[Source "ChessBase"]
[SourceDate "2016.10.25"]
[SourceVersion "1"]
[SourceVersionDate "2016.10.25"]
[SourceQuality "1"]

1. e4 c5 2. Nf3 d6 3. d3 g6 4. g3 Bg7 5. Bg2 e6 6. 0-0 Ne7 7. Nc3 0-0 8. Bf4 Nbc6 9. Qd2 Re8 10. Bh6 Bh8 11. Qf4 e5 12. Qh4 Nd4 13. Bg5 Be6 14. Nxd4 cxd4 15. Nd5 Bxd5 16. exd5 Qc7 17. Be4 f5 18. Bg2 Nc8 19. Rac1 Nb6 20. c4 dxc3 21. bxc3 Qf7 22. Qb4 Qc7 23. Be3 Nd7 24. Rb1 b6 25. d4 Rac8 26. Rfc1 Bg7 27. Bf1 Re7 28. Bb5 Rf8 29. f4 e4 30. c4 Nf6 31. h3 Kh8 32. Qb3 Nh5 33. Kg2 g5 34. c5 gxf4 35. gxf4 dxc5 36. dxc5 Nxf4+ 37. Kh1 bxc5 38. Bxc5 Qd8 39. d6 Re5 40. Rf1 Rd5 41. Rxf4 Rxc5 42. d7 Rc3 43. Qe6 Rxh3+ 44. Kg2 Rh6 45. Qxf5 Rxf5 46. Rxf5 Qc7 47. Rf4 Rg6+ 48. Kh1 Bf6 49. Rbf1 Kg7 50. Rxe4 Rh6+ 51. Kg2 Qh2+ 52. Kf3 Rh3+ 53. Kg4 Qg3+ 54. Kf5 Qg6+ 0-1

[Event "Thessaloniki White Tower A"]
[Site "Thessaloniki"]
[Date "2014.01.03"]
[Round "2.4"]
[White "Kesidis, Odyseas"]
[Black "Bahar Mosse, Iakov"]
[Result "1/2-1/2"]
[WhiteElo "2142"]
[BlackElo "1876"]
[PlyCount "110"]
[EventDate "2014.01.02"]
[EventType "swiss"]
[EventRounds "7"]
[EventCountry "GRE"]
[SourceTitle "EXT 2024"]
[Source "ChessBase"]
[SourceDate "2023.10.10"]
[SourceVersion "1"]
[SourceVersionDate "2023.10.10"]
[SourceQuality "1"]

1. e4 c5 2. c3 d5 3. exd5 Qxd5 4. d4 Nf6 5. Nf3 Bg4 6. Be2 e6 7. h3 Bh5 8. 0-0 Be7 9. Be3 cxd4 10. cxd4 0-0 11. Nc3 Qd6 12. Qb3 Nc6 13. Rfd1 Qb4 14. Qxb4 Nxb4 15. g4 Bg6 16. Ne5 Nfd5 17. Bf3 Rfd8 18. a3 Nc2 19. Nxd5 exd5 20. Rac1 Nxe3 21. fxe3 Be4 22. Bxe4 dxe4 23. Rc3 Bf6 24. Nc4 Rd7 25. Rdc1 g6 26. Nd2 Re7 27. Kf2 Bh4+ 28. Ke2 Kg7 29. Rc7 Rae8 30. R7c5 Rd7 31. R1c4 a6 32. Re5 Rde7 33. Rcc5 Bg3 34. Red5 Bb8 35. Rc3 Rf8 36. Nc4 f5 37. gxf5 Rxf5 38. Rxf5 gxf5 39. Na5 f4 40. exf4 Bxf4 41. Nc4 Rd7 42. Ne3 Kf6 43. Rc5 Kg6 44. Rc4 Rc7 45. Rb4 Rd7 46. a4 b5 47. axb5 axb5 48. Nd1 Rd5 49. Nc3 Rh5 50. d5 Rxh3 51. Rxe4 Kf5 52. Rd4 Be5 53. Rb4 Bxc3 54. bxc3 Rxc3 55. Rxb5 Ke5 1/2-1/2

[Event "Gazi op 8th"]
[Site "Gazi"]
[Date "2012.08.09"]
[Round "7"]
[White "Theodorou, Nikolas"]
[Black "Bahar Mosse, Iakov"]
[Result "1-0"]
[WhiteElo "2129"]
[BlackElo "1918"]
[PlyCount "73"]
[EventDate "2012.08.04"]
[EventType "swiss"]
[EventRounds "9"]
[EventCountry "GRE"]
[SourceTitle "EXT 2024"]
[Source "ChessBase"]
[SourceDate "2023.10.10"]
[SourceVersion "1"]
[SourceVersionDate "2023.10.10"]
[SourceQuality "1"]

1. e4 c5 2. Nf3 d6 3. d4 cxd4 4. Nxd4 Nf6 5. Nc3 a6 6. Bg5 e6 7. f4 Qc7 8. Qf3 Nbd7 9. 0-0-0 b5 10. Bd3 Bb7 11. Rhe1 0-0-0 12. f5 e5 13. Nb3 Be7 14. a4 b4 15. Bxf6 Nxf6 16. Nd5 Nxd5 17. exd5 Kb8 18. a5 Ka8 19. Kb1 Rb8 20. g3 Bd8 21. Bf1 Qd7 22. Qg4 g6 23. Qxb4 gxf5 24. Qd2 Bc8 25. Bh3 Qa4 26. Rf1 Rb5 27. Bxf5 Bxa5 28. Qd3 Bb7 29. Bd7 Rb8 30. Bxb5 axb5 31. Nxa5 Qxa5 32. Rxf7 Ba6 33. Qxh7 Qb6 34. Rc7 b4 35. Rc6 Qa5 36. Qc7 Qb5 37. Qxd6 1-0

[Event "Anogia op 1st"]
[Site "Anogia"]
[Date "2012.08.02"]
[Round "6"]
[White "Papadopoulos, Argirios"]
[Black "Bahar Mosse, Iakov"]
[Result "0-1"]
[WhiteElo "1783"]
[BlackElo "1918"]
[PlyCount "146"]
[EventDate "2012.07.30"]
[EventType "swiss"]
[EventRounds "7"]
[EventCountry "GRE"]
[SourceTitle "EXT 2013"]
[Source "ChessBase"]
[SourceDate "2012.11.22"]
[SourceVersion "1"]
[SourceVersionDate "2012.11.22"]
[SourceQuality "1"]

1. e4 c5 2. Nf3 d6 3. d4 cxd4 4. Nxd4 Nf6 5. Nc3 a6 6. Bg5 e6 7. f4 Qc7 8. Qf3 Nbd7 9. 0-0-0 b5 10. e5 Bb7 11. Qh3 dxe5 12. Nxe6 Qb6 13. Nxf8 Nxf8 14. fxe5 N6d7 15. Be2 Nxe5 16. Bg4 Nxg4 17. Qxg4 Ne6 18. Rhe1 h5 19. Qg3 Rc8 20. Bf4 Kf8 21. Rd6 Bc6 22. Be5 Rh7 23. Qd3 Rh6 24. Qg3 Rg6 25. Qh3 Kg8 26. Red1 Qf2 27. R6d2 Qc5 28. Bd6 Qg5 29. g3 Bf3 30. Re1 Qh6 31. Bf4 Qh7 32. Qf1 Bc6 33. Be3 Rf6 34. Qg1 Rf3 35. Rf1 b4 36. Nb1 Rxf1+ 37. Qxf1 Bb5 38. Qd1 Qe4 39. Bf2 g6 40. h4 a5 41. b3 a4 42. Qg1 Qf3 43. Qd1 Qe4 44. Qg1 Qf5 45. Qd1 Bc6 46. Be1 Bf3 47. Rf2 Bxd1 48. Rxf5 gxf5 49. Kxd1 axb3 50. axb3 Nd4 51. Bxb4 Nxc2 52. Bc3 Ne3+ 53. Ke2 Nd5 54. Bd2 Rb8 55. Nc3 Nxc3+ 56. Bxc3 Rxb3 57. Be5 f6 58. Bf4 Kf7 59. Kf2 Ke6 60. Bc7 Rc3 61. Ba5 Ra3 62. Bc7 Kd5 63. Bd8 Ke5 64. Kg2 Rd3 65. Ba5 Ke4 66. Bc7 Rd2+ 67. Kh3 Kf3 68. Bb8 Rd1 69. Kh2 Kg4 70. Bc7 Rd2+ 71. Kh1 Kh3 72. Bb6 Kxg3 73. Bg1 f4 0-1

[Event "Heraklion 3rd op A"]
[Site "Heraklion"]
[Date "2011.09.06"]
[Round "1"]
[White "Bahar Mosse, Iakov"]
[Black "Kontaki, Maria"]
[Result "1-0"]
[WhiteElo "1888"]
[BlackElo "1125"]
[PlyCount "39"]
[EventDate "2011.09.06"]
[EventType "swiss"]
[EventRounds "7"]
[EventCountry "GRE"]
[SourceTitle "EXT 2024"]
[Source "ChessBase"]
[SourceDate "2023.10.10"]
[SourceVersion "1"]
[SourceVersionDate "2023.10.10"]
[SourceQuality "1"]

1. e4 e6 2. d4 d5 3. exd5 exd5 4. Nf3 Bg4 5. h3 Bxf3 6. Qxf3 Nf6 7. Bd3 Nc6 8. c3 Be7 9. 0-0 0-0 10. Bf4 Bd6 11. Bg5 Re8 12. Qf5 Kf8 13. Nd2 Ne7 14. Bxf6 Nxf5 15. Bxd8 Nxd4 16. Bxc7 Ne2+ 17. Bxe2 Rxe2 18. Bxd6+ Kg8 19. Rad1 Rd8 20. Ba3 1-0